00985cam a22002771 4500001001300000003000400013005001700017008004100034010001700075035001900092040003800111042001200149050002300161110004100184245002900225260004900254300002500303490004700328500005600375650005000431650003600481650003800517810006700555810006800622999001700690sd 48000051 DLC20260227112735.0801208s1948 dcu f000 0 eng  asd 48000051  a(OCoLC)7012183 aDLCcViAlUNJdViAlUNJdOCoLCdDLC apremarc00aD753.2.R9bA5 19481 aUnited States.bDepartment of State.10aSoviet supply protocols. aWashington,bU.S. Govt. Print. Off.,c[1948] aviii, 156 p.c24 cm.1 aIts Publication 2759. European series,v22 aAt head of title: Wartime international agreements. 0aWorld War, 1939-1945xEquipment and supplies. 0aWorld War, 1939-1945vTreaties. 0aLend-lease operations (1941-1945)1 aUnited States.bDepartment of State.tPublication ;vno. 2759.1 aUnited States.bDepartment of State.tEuropean series ;vno. 22 c89988d89988